Subatomic particles - Statistics

General Stats
  • This quiz has been taken 31 times
  • The average score is 7 of 11
Answer Stats
Hint Answer % Correct
Latin; "neutral" Neutron
81%
Light Photon
81%
Amber Electron
78%
First Proton
74%
From "Ulysses" by James Joyce Quark
70%
M Muon
63%
After Indian physicist Boson
59%
Small Lepton
44%
Intermediate Meson
41%
After Italian-American physicist Fermion
37%
Heavy Baryon
30%
No matching quizzes found
Score Distribution
Percent of People with Each Score
Percentile by Number Answered
Your Score History
You have not taken this quiz